Quizzes
Events
Quiz Creation
Community
Videos
Private Events
Remove Ads
Sign In
Join for FREE
Feedback
Dark Mode
Quiz Categories
Sports
Geography
Music
Movies
Television
Just For Fun
Miscellaneous
History
Literature
Language
Science
Gaming
Entertainment
Religion
Holiday
For Kids
Quiz Lab
Recent
Popular Today
Quiz Kudos Today
Editor Picks
Curator Picks
Quizzes by...
Day
Popularity
Type
Ratings
Length
Year
Community
Subscriptions
Recent Discussions
Orange Saloon
Badges
Playlists
Quests
Create
Leaderboards
Showdown
Live 5
Trivia Bingo
Activity
Puzzle Library
Sporcle Events
Private Events
Virtual Trivia
Globe League
Become a Host
Pub Owners
SporcleCon
Opinionation
Our Games
Videos
Blog
Mobile Apps
Partnerships
Remove Ads and Go Orange
Feedback
Literature
Harry Potter
A Song of Ice and Fire
The Hunger Games
Literary Character
Shakespeare
Book
Author
Novel
Poem
Young Adult
Children's Books
Play
Lord of the Rings
Literature
Harry Potter
A Song of Ice and Fire
The Hunger Games
Literary Character
Shakespeare
Book
Author
Novel
Poem
Young Adult
Children's Books
Play
Lord of the Rings
Random Quiz
Search Sporcle
×
Quiz Lab
Quiz Lab
Literature
Novel
Type in answers that appear in a list
Type in answers that appear in a list
Classic
Best Score? Go Orange.
Robert Crais Novels Stats
Can you name the Robert Crais Novels?
By
Scott44
5m
19 Questions
104 Plays
104 Plays
104 Plays
Comments
Comments
Give Quiz Kudos
Give Quiz Kudos
-
- Ratings
hide this ad
Replay
Link that replays current quiz
Next Quiz
Link to next quiz in quiz playlist
You Got
0%
They Got
Avg Score
84%
Avg Friend Score
Upgrade to see
Score Distribution
Jump to the score distribution portion of the page
Score
0/19
Timer
05:00
0
Plays Today
Year Published
% Correct
1987
The Monkey's Raincoat
95.2%
1999
L.A. Requiem
94.2%
2001
Hostage
93.3%
1995
Voodoo River
92.3%
2007
The Watchman
92.3%
2000
Demolition Angel
90.4%
1989
Stalking The Angel
88.5%
2003
The Last Detective
88.5%
1997
Indigo Slam
86.5%
2005
The Forgotten Man
86.5%
Year Published
% Correct
1993
Free Fall
85.6%
1996
Sunset Express
85.6%
2010
The First Rule
85.6%
2006
The Two Minute Rule
84.6%
1992
Lullaby Town
83.7%
2008
Chasing Darkness
81.7%
2013
Suspect
81.7%
2012
Taken
80.3%
2011
The Sentry
76.9%
Quiz Playlist
Details
Report
Send in Message
Add To Playlist
Classic:
Type in answers that appear in a list
Last Updated: Feb 16, 2017
Quiz Scoreboard
CHALLENGE
Sign Up to Join the Scoreboard
Show All
Scores
Hide
Comments
May contain spoilers
Recently Published
Presidents Visiting Landmarks
by Hejman
History
7m
An Introduction to Baseball
by treessimontrees
Sports
5m
Movies - When Are They Set?
by FPL_Elf
Movies
5m
More to Explore
Quiz From the Vault
Featured Blog Post
Where Did the Easter Bunny Come From?
hide this ad
You Might Also Like...
Tags
Author Quiz
Novel Quiz
Published
Robert
Today's Top Quizzes in Literature
Browse Literature
hide this ad
Today's Top Quizzes in Novel
Browse Novel
Top Contributed Quizzes in Literature
1
Sneaky Slytherin Logic Puzzle
2
Get The Picture: Black or White Literature
3
5-to-1: Plays
4
A Court of Thorns and Roses (ACoTaR) Logic Puzzle
5
One Thing in Common: Literature
6
One Thing in Common: Books
7
One Thing in Common: Literature 3
8
One Thing in Common: Literature II
9
Harry Potter Neighbourly Logic Puzzle #5
10
Harry Potter Neighbourly Logic Puzzle #6
Explore More
Trending Topics
Harry Potter
Kpop
NBA
Crossword
Disney
Marvel
Anime
Pokémon
WWE
Song
Soccer
Country
NFL
Puzzle
The Office
hide this ad
More By:
Scott44
Quiz
Plays
Rating
Category
Featured
Created
Robert Crais Novels
104
Literature
Aug 26, 2010
Songs Giving Thanks
90
5.00
Holiday
Nov 20, 2010
Sun Songs
48
5.00
Music
Dec 22, 2010
Songs by The Call
11
Music
Aug 25, 2010
Go to Creator's Profile
Score Distribution
Quiz Creator Spotlight
Scott44
Follow
Send a Message
Quizzes Created
-
Created Quiz Play Count
-
More By This Creator
Popular Quizzes Today
1
Find the US States - No Outlines Minefield
2
Find the Countries of Europe - No Outlines Minefield
3
The Countries of the World
4
Find the US States
5
Popular People in 1961
6
US States
7
Risky Map Clicking: Biggest States A-Z
8
Movies - When Are They Set?
More Literature Quizzes
Reveal a Harry Potter Quote I
Quiz Lab
Trending Quizzes
Risky Map Clicking: Least Populous States A-Z
1-10 Letter G Words
1-10 Letter F Words
Risky Map Clicking: Next State Alphabetically
Risky Map Clicking: Biggest States A-Z
Recently Updated
Leaping Animals
pecheneg
Reality TV Shows (A-Z)
bhenderson79
Rickey Henderson's Hall of Fame Teammates
pecheneg
Champions League XIs: Arsenal
pecheneg
Quick Pick: Celebrities in WWE's Hall of Fame
aduchscher
A-Z Keypad Blitz II
pecheneg
Multiple Oscar Actors
pecheneg
Mystery Phrase Blitz: Oscar 'Best Actors'
pecheneg
F. Scott Fitzgerald Novels
LTH
Pick 3 Villains
ddd62291
Trending Topics
Disney
Kpop
Anime
Marvel
Crossword
NBA
Harry Potter
WWE
Puzzle
Song
The Office
Country
Soccer
Pokémon
NFL
Your Account Isn't Verified!
In order to create a playlist on Sporcle, you need to verify the email address you used during registration. Go to your
Sporcle Settings
to finish the process.
Report this User
Report this user for behavior that violates our
Community Guidelines
.
Details:
Send Report
Go to the Sporcle.com Mobile Site →
Comments